000 00192 a2200097 4500
020 _a0786840080
041 _aspa
100 _aDisney, Walt
245 _aLa Navidad de Winnnie Puh
942 _cBK
999 _c28068
_d28068